Compendium of the law on prisoners' right /

Bibliographic Details
Main Author: Sensenich, Ila Jeanne
Corporate Author: Federal Judicial Center
Format: Government Document Book
Language:English
Subjects:

MARC

Tag First Indicator Second Indicator Subfields
LEADER 00000cam a2200000 i 4500
001 in00000809596
005 20151017100405.0
008 790730s1979 dcu b f00010 eng d
010 |a gp 79017005  
020 |c $9.00 (pbk. :) 
035 |a (OCoLC)05223902 
035 |9 ADT3177AM 
040 |a GPO  |c GPO  |d MvI-itm  |d UtOrBLW 
043 |a n-us--- 
074 |a 743-C-1 
086 |a Ju 13.2:P 94/3 
100 1 |a Sensenich, Ila Jeanne. 
245 1 0 |a Compendium of the law on prisoners' right /  |c by Ila Jeanne Sensenich. 
264 2 |a Washington :  |b Federal Judicial Center : for sale by the Supt. of Docs., U.S. Docs., U.S. Govt. Print. Off,  |c 1979. 
300 |a v, 503 pages ;  |c 28 cm. 
336 |a text  |b txt  |2 rdacontent 
337 |a unmediated  |b n  |2 rdamedia 
338 |a volume  |b nc  |2 rdacarrier 
500 |a April 1979. 
504 |a Includes bibliographical references. 
650 0 |a Prisoners  |x Legal status, laws, etc. 
710 2 |a Federal Judicial Center. 
999 |a MARS 
999 f f |s 783baf3e-4c84-31f5-af36-f31a0601d549  |i 2014f35d-595f-3610-9aa2-5dcd38f1de7f  |t 0 
952 f f |p normal  |a Texas A&M University  |b College Station  |c Sterling C. Evans Library  |d Evans: US Documents (Annex 5th floor)  |t 0  |e Ju 13.2:P 94/3  |h Superintendent of Documents classification  |i unmediated -- volume  |m A14818289762 
998 f f |a Ju 13.2:P 94/3  |t 0  |l Evans: US Documents (Annex 5th floor)